000 00753nam a2200217 i 4500
001 162172
003 ES-MaACL
005 20230906212438.0
008 170531s1955 mx |||| | spa d
080 _a7:061.43(72)"19"
100 0 _aFernández, Justino.
_949395
245 1 0 _aCatálogo de las exposiciones de arte en 1954 /
_cJustino Fernández.
260 _aMéxico :
_b[s.n.],
_c1955 (
_fImp. Universitaria)
300 _a57 p. ;
_c23 cm.
500 _a"Suplemento del núm. 23 de los Anales del Instituto de Investigaciones Estéticas"
650 4 _aExposiciones de arte-
_zMéxico.
_9162922
655 7 _2tgfbne
_9193628
_aCatálogos de exposiciones
852 _aES-MaACL
_j2336-F-7
942 _2udc
999 _c162172
_d162172